000 00319nam a2200121Ia 4500
008 240731s9999 xx 000 0 und d
022 _a2162-8246
245 0 _aInternational Journal of Ambient Energy
260 _bTaylor & Francis
856 _uhttps://www.tandfonline.com/loi/taen20
942 _2ddc
942 _cTFEJ
999 _c77047
_d77047
945 _a1
_bMadushi Gamage
_c1
_dMadushi Gamage